000 00681nam a2200193 i 4500
001 83503
003 ES-MaACL
005 20230906174835.0
007 t|
008 041117s1957 sp ||||1| spa d
245 0 0 _aIntroducción al estudio de la Enzimoterapia /
_cpor F.G. Valdecasas... [et al.] ; prólogo de Francisco García Valdecasas.
260 _aMadrid :
_bPaz Montalvo,
_c1957 (
_fEscelicer)
300 _a243 p. ;
_c20 cm.
490 1 _aMonografías de terapéutica general ;
_v4
700 1 _aGarcía-Valdecasas, Francisco.
_955355
830 0 _aMonografías de terapéutica general ;
_v4
_9183807
852 _aES-MaACL
_jC-12417
_bR.40611
999 _c83503
_d83503